Diccionario manual latino-español y español-latino : para uso de los estudiantes. Enriquecido con multitud de voces no halladas en los anteriores publicados /
Guardado en:
| Autor Principal: | |
|---|---|
| Formato: | Libro |
| Idioma: | Spanish |
| Publicado: |
Madrid :
Librería de Perlado, Páez y C.,
1904
|
| Edición: | 3a. ed. |
| Materias: | |
| Etiquetas: |
Agregar Etiqueta
Sin Etiquetas, Sea el primero en etiquetar este registro!
|
| LEADER | 00591nam a22001455a 4500 | ||
|---|---|---|---|
| 001 | DER.der012143 | ||
| 008 | 180615s1904####sp#||||||||||||||#||spa|| | ||
| 005 | 20251114153844.0 | ||
| 245 | 1 | 0 | |a Diccionario manual latino-español y español-latino : |b para uso de los estudiantes. Enriquecido con multitud de voces no halladas en los anteriores publicados / |c Francisco Jiménez Lomas. |
| 250 | |a 3a. ed. | ||
| 260 | |a Madrid : |b Librería de Perlado, Páez y C., |c 1904 | ||
| 300 | |a 2 v. in 1 ; 333 p. | ||
| 100 | 1 | |a Jiménez Lomas, Francisco | |
| 650 | 7 | |a DICCIONARIOS | |
| 859 | |a DERECHO |b BIB. DERECHO |h 473 |i DIC |p 006892 | ||
